Tilastot visalle Itämeren valtioiden muodot

Klikkaa tästä pelataksesi tätä visaa!

Yleistilastot

  • Tätä visaa on pelattu 585 kertaa
  • Keskiarvotulos 8 / 9

Vastaustilastot

Vastaus% Oikein
Suomi
100%
Ruotsi
95%
Tanska
92%
Saksa
91%
Viro
90%
Puola
88%
Liettua
86%
Venäjä
85%
Latvia
83%

Tulosjakauma

Persentiili vastausten määrän mukaan

Jokaisen tuloksen saaneiden osuus

Tuloshistoriasi

Et ole pelannut tätä visaa